| 000 | 00701nam a2200217Ia 4500 | ||
|---|---|---|---|
| 003 | GCL | ||
| 008 | 140319s9999 xx 000 0 ara d | ||
| 040 |
_aGCL / _cGCL |
||
| 082 | 0 | 4 |
_a332.642 _bم ا |
| 100 | 1 | _aمحمود محمد الداغر | |
| 245 | 1 | 0 |
_aالاسواق المالية (مؤسسات- اوراق- بورصات) / _cمحمود محمد الداغر |
| 250 | _aالاولى | ||
| 260 |
_aالاردن : _bدار الشروق ، _c2005 |
||
| 300 |
_a327 ص ؛ _c24 سم |
||
| 650 | 0 | 4 | _aالاوراق المالية |
| 650 | 0 | 4 | _aالسندات |
| 650 | 0 | 4 | _aالارباح والفوائد |
| 650 | 0 | 4 | _aالبورصات |
| 650 | 0 | 4 | _aالمضاربات |
| 942 |
_2ddc _cBK |
||
| 999 |
_c10116 _d10116 |
||